<?xml version="1.0" encoding="UTF-8"?>
<collection xmlns="http://www.loc.gov/MARC21/slim">
 <record>
  <leader>02329cam a2200577 c 4500</leader>
  <controlfield tag="001">787677469</controlfield>
  <controlfield tag="003">DE-627</controlfield>
  <controlfield tag="005">20251224191552.0</controlfield>
  <controlfield tag="007">tu</controlfield>
  <controlfield tag="008">140610s2014    sp |||||      00| ||spa c</controlfield>
  <datafield tag="020" ind1=" " ind2=" ">
   <subfield code="a">9788437632889</subfield>
  </datafield>
  <datafield tag="035" ind1=" " ind2=" ">
   <subfield code="a">(DE-627)787677469</subfield>
  </datafield>
  <datafield tag="035" ind1=" " ind2=" ">
   <subfield code="a">(DE-576)9787677467</subfield>
  </datafield>
  <datafield tag="035" ind1=" " ind2=" ">
   <subfield code="a">(DE-599)BVBBV041890341</subfield>
  </datafield>
  <datafield tag="035" ind1=" " ind2=" ">
   <subfield code="a">(OCoLC)890695989</subfield>
  </datafield>
  <datafield tag="035" ind1=" " ind2=" ">
   <subfield code="a">(DE-604)BV041890341</subfield>
  </datafield>
  <datafield tag="035" ind1=" " ind2=" ">
   <subfield code="a">(ZDB-21-EIL)2974355</subfield>
  </datafield>
  <datafield tag="040" ind1=" " ind2=" ">
   <subfield code="a">DE-627</subfield>
   <subfield code="b">ger</subfield>
   <subfield code="c">DE-627</subfield>
   <subfield code="e">rakwb</subfield>
  </datafield>
  <datafield tag="041" ind1=" " ind2=" ">
   <subfield code="a">spa</subfield>
  </datafield>
  <datafield tag="044" ind1=" " ind2=" ">
   <subfield code="c">XA-ES</subfield>
  </datafield>
  <datafield tag="050" ind1=" " ind2="0">
   <subfield code="a">NA</subfield>
  </datafield>
  <datafield tag="082" ind1="0" ind2=" ">
   <subfield code="a">711</subfield>
   <subfield code="2">14</subfield>
  </datafield>
  <datafield tag="082" ind1="0" ind2=" ">
   <subfield code="a">791</subfield>
   <subfield code="2">14</subfield>
  </datafield>
  <datafield tag="084" ind1=" " ind2=" ">
   <subfield code="a">AP 50300</subfield>
   <subfield code="q">BVB</subfield>
   <subfield code="2">rvk</subfield>
   <subfield code="0">(DE-625)rvk/7572:</subfield>
  </datafield>
  <datafield tag="084" ind1=" " ind2=" ">
   <subfield code="a">24.31</subfield>
   <subfield code="2">bkl</subfield>
  </datafield>
  <datafield tag="084" ind1=" " ind2=" ">
   <subfield code="a">71.14</subfield>
   <subfield code="2">bkl</subfield>
  </datafield>
  <datafield tag="245" ind1="0" ind2="0">
   <subfield code="a">Ciudades de cine</subfield>
   <subfield code="c">Francisco García Gomez y Gonzalo M. Pavés</subfield>
  </datafield>
  <datafield tag="250" ind1=" " ind2=" ">
   <subfield code="a">1. ed.</subfield>
  </datafield>
  <datafield tag="264" ind1=" " ind2="1">
   <subfield code="a">Madrid</subfield>
   <subfield code="b">Cátedra</subfield>
   <subfield code="c">2014</subfield>
  </datafield>
  <datafield tag="300" ind1=" " ind2=" ">
   <subfield code="a">534 S.</subfield>
   <subfield code="b">zahlr. Ill.</subfield>
   <subfield code="c">24 cm</subfield>
  </datafield>
  <datafield tag="336" ind1=" " ind2=" ">
   <subfield code="a">Text</subfield>
   <subfield code="b">txt</subfield>
   <subfield code="2">rdacontent</subfield>
  </datafield>
  <datafield tag="337" ind1=" " ind2=" ">
   <subfield code="a">ohne Hilfsmittel zu benutzen</subfield>
   <subfield code="b">n</subfield>
   <subfield code="2">rdamedia</subfield>
  </datafield>
  <datafield tag="338" ind1=" " ind2=" ">
   <subfield code="a">Band</subfield>
   <subfield code="b">nc</subfield>
   <subfield code="2">rdacarrier</subfield>
  </datafield>
  <datafield tag="490" ind1="1" ind2=" ">
   <subfield code="a">Signo e imagen</subfield>
   <subfield code="v">155</subfield>
  </datafield>
  <datafield tag="500" ind1=" " ind2=" ">
   <subfield code="a">Collected essays</subfield>
  </datafield>
  <datafield tag="655" ind1=" " ind2="7">
   <subfield code="a">Aufsatzsammlung</subfield>
   <subfield code="0">(DE-588)4143413-4</subfield>
   <subfield code="0">(DE-627)105605727</subfield>
   <subfield code="0">(DE-576)209726091</subfield>
   <subfield code="2">gnd-content</subfield>
  </datafield>
  <datafield tag="689" ind1="0" ind2="0">
   <subfield code="d">s</subfield>
   <subfield code="0">(DE-588)4017102-4</subfield>
   <subfield code="0">(DE-627)104559683</subfield>
   <subfield code="0">(DE-576)208918531</subfield>
   <subfield code="a">Film</subfield>
   <subfield code="2">gnd</subfield>
  </datafield>
  <datafield tag="689" ind1="0" ind2="1">
   <subfield code="d">s</subfield>
   <subfield code="0">(DE-588)4126697-3</subfield>
   <subfield code="0">(DE-627)105730394</subfield>
   <subfield code="0">(DE-576)20958727X</subfield>
   <subfield code="a">Stadt</subfield>
   <subfield code="g">Motiv</subfield>
   <subfield code="2">gnd</subfield>
  </datafield>
  <datafield tag="689" ind1="0" ind2=" ">
   <subfield code="5">(DE-627)</subfield>
  </datafield>
  <datafield tag="700" ind1="1" ind2=" ">
   <subfield code="a">García Gómez, Francisco</subfield>
   <subfield code="d">1968-</subfield>
   <subfield code="0">(DE-588)1056548207</subfield>
   <subfield code="0">(DE-627)794801366</subfield>
   <subfield code="0">(DE-576)186252145</subfield>
   <subfield code="4">oth</subfield>
  </datafield>
  <datafield tag="700" ind1="1" ind2=" ">
   <subfield code="a">Pavés, Gonzalo M.</subfield>
   <subfield code="4">oth</subfield>
  </datafield>
  <datafield tag="787" ind1="0" ind2="8">
   <subfield code="i">Rezensiert in</subfield>
   <subfield code="a">Quesada Acosta, Ana María</subfield>
   <subfield code="t">[Rezension von: Francisco García Gómez y Gonzalo M. Pavés (Hrsg.), Ciudades de cine]</subfield>
   <subfield code="d">2015</subfield>
   <subfield code="w">(DE-627)1929261675</subfield>
  </datafield>
  <datafield tag="830" ind1=" " ind2="0">
   <subfield code="a">Signo e imagen</subfield>
   <subfield code="v">155</subfield>
   <subfield code="9">155</subfield>
   <subfield code="w">(DE-627)52832666X</subfield>
   <subfield code="w">(DE-576)026979535</subfield>
   <subfield code="w">(DE-600)2283241-5</subfield>
   <subfield code="7">am</subfield>
  </datafield>
  <datafield tag="936" ind1="r" ind2="v">
   <subfield code="a">AP 50300</subfield>
   <subfield code="b">Einzelne Themen</subfield>
   <subfield code="k">Allgemeines</subfield>
   <subfield code="k">Medien- und Kommunikationswissenschaften, Medienkulturwissenschaft, Kommunikationsdesign</subfield>
   <subfield code="k">Film</subfield>
   <subfield code="k">Filmthemen und Drehbuch</subfield>
   <subfield code="k">Einzelne Themen</subfield>
   <subfield code="0">(DE-627)1270689983</subfield>
   <subfield code="0">(DE-625)rvk/7572:</subfield>
   <subfield code="0">(DE-576)200689983</subfield>
  </datafield>
  <datafield tag="936" ind1="b" ind2="k">
   <subfield code="a">24.31</subfield>
   <subfield code="j">Systematische Filmwissenschaft</subfield>
   <subfield code="0">(DE-627)106406035</subfield>
  </datafield>
  <datafield tag="936" ind1="b" ind2="k">
   <subfield code="a">71.14</subfield>
   <subfield code="j">Städtische Gesellschaft</subfield>
   <subfield code="0">(DE-627)106412418</subfield>
  </datafield>
  <datafield tag="951" ind1=" " ind2=" ">
   <subfield code="a">BO</subfield>
  </datafield>
  <datafield tag="990" ind1=" " ind2=" ">
   <subfield code="a">Film</subfield>
  </datafield>
  <datafield tag="990" ind1=" " ind2=" ">
   <subfield code="a">Stadt</subfield>
  </datafield>
  <datafield tag="991" ind1=" " ind2=" ">
   <subfield code="a">Rezensiertes Werk</subfield>
  </datafield>
  <datafield tag="999" ind1=" " ind2=" ">
   <subfield code="a">KXP-PPN787677469</subfield>
   <subfield code="e">493008587X</subfield>
  </datafield>
 </record>
</collection>
